Star Wars Characters by Quote - Statistics

General Stats
  • This quiz has been taken 51 times
  • The average score is 10 of 15
Answer Stats
Hint Answer % Correct
"Help me Obi-wan Kenobi. You're my only hope." Princess Leia
98%
"Laugh it up, fuzzball." Han Solo
90%
"Yousa follow me now, okee-day!" Jar Jar Binks
86%
"Wars not make one great." Yoda
86%
"So this is how liberty dies. With thunderous applause." Padme Amidala
79%
"You, like your father, are now mine." Emperor Palpatine
76%
"There's always a bigger fish." Qui-Gon Jinn
76%
"Your eyes can deceive you. Don't trust them." Obi-Wan Kenobi
71%
"Well, if there's a bright center to the universe, you're on the planet that it's farthest from." Luke Skywalker
62%
"Twice the pride, double the fall." Count Dooku
55%
"Don't be too proud of this technological terror you've constructed." Darth Vader
52%
"This deal is getting worse all the time." Lando Calrissian
40%
"People keep telling me they know me. No one does." Rey
38%
"Let the past die. Kill it if you have to." Kylo Ren
33%
"Don't call me a mindless philosopher, you overweight glob of grease!" C-3PO
31%
No matching quizzes found
Score Distribution
Percent of People with Each Score
Percentile by Number Answered
Your Score History
You have not taken this quiz